000 01004nam a2200289 a 4500
001 BRCA_4508
005 20190320204710.0
008 140910s1958----be-a######---#000-0#fre-#
041 _afre
044 _abe
050 4 _aND665
_b.L38 1958
100 1 _aLavalleye, J.
_911420
245 1 0 _aLes Primitifs Flamands
_bRepertoire des peintures flamandes des Quinzieme et seizieme siecles
_cSous la direction de J. Lavalleye.
260 _aAmberes, Bélgica
_bSikkel
_c1958
300 _a47 p.
_bil., 30 láminas
_c29 cm.
440 0 _aCollections d´Espagne
_v2
_911421
500 _aIncluye tabla de nombres de personas, tabla de nombres de lugares y tabla iconográfica
500 _aCG16
504 _aBibliografía: p. 9-11
650 1 4 _aPintura flamenca
_911422
650 1 4 _aPintura
_xHistoria
_911423
650 1 4 _aGalerías y museos
_zEspaña
_97331
650 1 4 _aArte
_xColecciones particulares
_97906
650 1 4 _aArte
_xColeccionistas y colecciones
_97445
902 _aGFM
942 _2lcc
_cB
999 _c4214
_d4214